LIBRARY & INFORMATION CENTRE, KCAET, TAVANUR

ONLINE PUBLIC ACCESS CATALOGUE (OPAC)

Soil water balance studies in subsurface drip irrigation for amaranthus (Record no. 15114)

MARC details
000 -LEADER
fixed length control field 00883nam a22001817a 4500
003 - CONTROL NUMBER IDENTIFIER
control field OSt
088 ## - REPORT NUMBER
Report number T 355
100 ## - MAIN ENTRY--AUTHOR NAME
Personal name NEETHA SHAJU
245 ## - TITLE STATEMENT
Title Soil water balance studies in subsurface drip irrigation for amaranthus
260 ## - PUBLICATION, DISTRIBUTION, ETC. (IMPRINT)
Place of publication Tavanur 2016
Name of publisher Department of Land and Water Resources and Conservation Engineering
300 ## - PHYSICAL DESCRIPTION
Number of Pages 112
500 ## - GENERAL NOTE
General note Soil water balance studies in subsurface drip irrigation for amaranthus
520 ## - SUMMARY, ETC.
Summary, etc This study aimed to optimize the depth of installation of laterals and spacing between laterals under subsurface drip irrigation system for amaranthus. It also computed the deep percolation from different layers with different depth of installation of laterals.
700 ## - ADDED ENTRY--PERSONAL NAME
Personal name Er. Priya G. Nair (Guide)
856 ## - ELECTRONIC LOCATION AND ACCESS
Uniform Resource Identifier https://drive.google.com/open?id=1k07S5-VyxkLFbu2AvOzQDt5V1K8skFc0
942 ## - ADDED ENTRY ELEMENTS (KOHA)
Koha item type Theses
Holdings
Collection code Home library Current library Shelving location Full call number Accession Number Koha item type Public note
Reference KAUAET KAUAET Reference 631.75807 NEE/SO T 355 Theses M.Tech Thesis
free website counter